书目信息 |
| 题名: |
波谱有机化学
|
|
| 作者: | 高桥浩 著 ;程能林 译 | |
| 分册: | ||
| 出版信息: | 北京 化学工业出版社 1982 |
|
| 页数: | 186页 | |
| 开本: | 19cm | |
| 丛书名: | ||
| 单 册: | ||
| 中图分类: | O621.15 | |
| 科图分类: | ||
| 主题词: | 有机化学 | |
| 电子资源: | ||
| ISBN: | ||
| 000 | 00637nam0 2200229 45 | |
| 001 | 0182005250 | |
| 005 | 20060814151043.75 | |
| 010 | @dCNY0.65 | |
| 091 | @a15063.3364 | |
| 100 | @a19950726d1982 em y0chiy0121 ea | |
| 101 | 1 | @achi@cjpn |
| 102 | @aCN@b110000 | |
| 105 | @ay z 000yy | |
| 200 | 10 | @a波谱有机化学@Abo pu you ji hua xue@f(日)高桥浩著@F(ri)gao qiao hao zhu@g程能林译 |
| 210 | @a北京@c化学工业出版社@d1982 | |
| 215 | @a186页@d19cm | |
| 606 | 0 | @a有机化学 |
| 690 | @aO621.15@v3 | |
| 701 | 0 | @a高桥浩@Agao qiao hao@4著 |
| 702 | 0 | @a程能林@Acheng neng lin@4译 |
| 801 | 0 | @aCN@b上海图书馆@c20060814 |
| 905 | @dO621.15@e2 | |
| 波谱有机化学/(日)高桥浩著/程能林译.-北京:化学工业出版社,1982 |
| 186页;19cm |
| ISBN :CNY0.65 |
| ● |
| 相关链接 |
|
|
|
|
正题名:波谱有机化学
索取号:O621.15/2
 
预约/预借
| 序号 | 登录号 | 条形码 | 馆藏地/架位号 | 状态 | 备注 |
| 1 | 0063843 | 000352380 | 密集书库/ [索取号:O621.15/2] | 在馆 | |
| 2 | 0063844 | 000699943 | 密集书库/ [索取号:O621.15/2] | 在馆 | |
| 3 | 0063845 | 202100779 | 第二样本阅览室/ [索取号:O621.15/2] | 在馆 | |
| 4 | 0118307 | 001050392 | 第三借阅区/ [索取号:O621.15/2] | 在馆 | |
| 5 | 0118308 | 001050436 | 密集书库/ [索取号:O621.15/2] | 在馆 | |
| 6 | 0118309 | 202133841 | 密集书库/ [索取号:O621.15/2] | 在馆 | |
| 7 | 0461115 | 204611152 | 密集书库/ [索取号:O621.15/2] | 在馆 | |
| 8 | 0461116 | 204611161 | 密集书库/ [索取号:O621.15/2] | 在馆 | |
| 9 | 0461117 | 204611170 | 密集书库/ [索取号:O621.15/2] | 在馆 |